Capital cities containing the letter L - Statistics

General Stats
  • This quiz has been taken 85 times
    72 since last reset
  • The average score is 40 of 53
Answer Stats
Answer % Correct
Brasilia
94%
Dublin
94%
Algiers
88%
Lisbon
88%
London
88%
Helsinki
85%
Tallinn
85%
Wellington
85%
Berlin
82%
Guatemala City
82%
Lapaz
82%
Oslo
82%
Seoul
82%
Tbilisi
82%
Vilnius
82%
Bratislava
79%
Brussels
79%
Jerusalem
79%
Libreville
79%
Lima
79%
Luanda
79%
Stockholm
79%
Ulaanbaatar
79%
Andorra la vella
76%
Belgrade
76%
Dili
76%
Ljubljana
76%
Luxembourg
76%
New Delhi
76%
San Salvador
76%
Bloemfontein
74%
Kigali
74%
Kuala Lumpur
74%
Brazzaville
71%
Islamabad
71%
Lome
71%
Manila
71%
Kampala
68%
Lilongwe
68%
Lusaka
68%
Malabo
68%
Tegucigalpa
68%
Belmopan
65%
Kabul
65%
Male
65%
Port Louis
65%
Tripoli
65%
Valletta
65%
Palikir
62%
Port Vila
62%
Nuku alofa
59%
Ngerulmud
56%
Banjul
53%
No matching quizzes found
Score Distribution
Percent of People with Each Score
Percentile by Number Answered
Your Score History
You have not taken this quiz since the last reset